Statistiques concernant 50 Personnages aux cheveux Roux ou Rouge ( manga / anime )

Cliquez ici pour prendre le quiz!

Statistiques générales

  • Ce quiz a été pris 68 fois
  • Le résultat moyen est 19 sur 50

Statistiques - réponses

Réponse% Correct
Nami
94%
Gaara
89%
Shanks
89%
Ichigo
79%
Erza
74%
Hisoka
74%
Hinata
73%
Kid
71%
Emma
69%
Sasori
68%
Nagato
66%
Endeavor
65%
Karin
63%
Soma
61%
Karma
58%
Ondine
58%
Kushina
53%
Kirishima
48%
Orihime
48%
C16
47%
Koala
47%
Kagami
44%
Renji
44%
Yahiko
44%
Akashi
42%
Rangiku Matsumoto
37%
Jugo
35%
Mito
35%
Mereoleona Vermillion
27%
Kunigami
26%
Kenshin
24%
Kyo
18%
Rias
16%
Eileen
15%
Fu
13%
Dot
10%
Itsuka Kendo / Battle Fist
10%
Kurama
10%
Vulcan
10%
Grell Sutcliff / Jack L'Eventreur
8%
Makise Kurisu
8%
Shiro Emiya
8%
Kuwabara
6%
Ed
5%
Itori
5%
Lisa
5%
Spirit Albarn
5%
Yoko
5%
Gloria
3%
Mikoto Suoh
3%

Distribution des résultats

Percentile par nombre de réponses

% des personnes avec chaque résultat

Votre développement - résultats

Vous n’avez pas pris ce quiz